| 000 | 00978nam a22001695i 4500 | ||
|---|---|---|---|
| 001 | 165338 | ||
| 003 | ES-MaACL | ||
| 005 | 20230906213121.0 | ||
| 008 | 990504s1858 sp |||| | spa d | ||
| 040 |
_aCAM _bspa _cCAM |
||
| 245 | 0 | 0 |
_aSifones del Canal de Isabel II / _cmemoria escrita por Rogerio Inchaurraudieta, ... [et al.]. |
| 260 |
_aMadrid : _b[s.n.], _c1858 ( _fImprenta de José C. de la Peña) |
||
| 300 |
_a30 p., [2] h. de lám. pleg. ; _c21 cm. |
||
| 610 | 2 |
_aCanal de Isabel II. _92422 |
|
| 700 | 1 | 1 |
_aInchaurraudieta, Rogerio. _9128175 |
| 852 |
_aES-MaACL _jF-14151(2) _z-- Enc. hol. _x-- Edic.: pertenece a la serie (Colección de memorias y documentos relñativos á la ciencia del Ingeniero y al arte de construir ; 2) -- Hay una port. para la serie con pie de imp.: Madrid: [s.n.], 1857-1858 (Imprenta de José C. de la Peña) y precede al tít.: Revista de obras públicas -- Este ejemp. además de su paginación propia, tiene la de la col.: P. [297]- 326 |
||
| 999 |
_c165338 _d165338 |
||